000
00372nam a22001217a 4500
008
150521b xxu||||| |||| 00| 0 eng d
020
_a
9781416025528
020
_a
1416025528
041
0
_a
eng
080
_a
615:618.2
245
1
0
_a
Pharmacology for nursing care /
942
_2
udc
_c
BK
999
_c
885
_d
885